000 00941nam a22003377a 4500
001 BR6600360
003 BR-BrBNA
005 20230928083441.0
007 ta
008 230509b bl.||||| |||| 00| 0 por d
040 _aBR-BrBNA
_bpor
_cBiblioteca Nacional de Agricultura
041 _a(Por)
072 _aM40; F23
_b8400
_b/G514
090 _ 8400 BR6600360
100 1 _aMendes, J.C.
110 1 _aInstituto Nacional de Pesquisas da Amazonia, Manaus, AM (Brasil)
245 1 _aMoluscos da formacao Itaituba (Neocarbonifero)estado do Para, Brasil
260 3 _aManaus, AM (Brasil):
_c1966.
300 _a66 p.
500 _a30 illus.; 46 ref.; Summaries (Eng, Por)
650 _aMOLUSCO
650 _aECOLOGIA ANIMAL
650 _aTAXONOMIA ANIMAL
650 _aGEOLOGIA
650 _aROCHA
650 _aFAUNA
650 _aPALEONTOLOGIA
650 _aPARA
909 _a202309
_bLucia
_c55
_dLucia Elande
942 _cBK
999 _c13537
_d13537